|
|
|
|
| LEADER |
00000cam a2200000 a 4500 |
| 001 |
vtls010583551 |
| 003 |
SK-MaSNL |
| 005 |
20260301145604.0 |
| 008 |
240314s2014 xo g 001 0dslo |
| 015 |
|
|
|a SNBA2014/05
|
| 020 |
|
|
|a 9788055136516
|q (viaz.)
|
| 035 |
|
|
|a urn:nbn:sk:snk-am00a20t
|
| 035 |
|
|
|a urn:nbn:sk:snk-am3hdm3
|
| 035 |
|
|
|a 939FEC37-199E-4A5C-9064-3C8FD0303B0A
|
| 040 |
|
|
|a SNK
|b slo
|c SNK
|e AACR2
|
| 041 |
1 |
|
|a slo
|h eng
|
| 044 |
|
|
|a xo
|c SK
|
| 072 |
|
7 |
|a 613
|x Hygiena. Ľudské zdravie
|2 konspekt
|
| 072 |
|
7 |
|a 615.8
|x Fyzioterapia. Psychoterapia. Alternatívna medicína
|2 konspekt
|
| 080 |
|
|
|a 613.2
|2 2001
|
| 080 |
|
|
|a 615.874.24
|2 2001
|
| 080 |
|
|
|a (0.062)
|2 2001
|
| 080 |
|
|
|a (083.12)
|2 2001
|
| 100 |
1 |
|
|a Harper, Bob
|4 aut
|9 505602
|
| 240 |
1 |
4 |
|a The skinny rules, the simple, nonnegotiable principles for getting to thin
|l Slovensky
|
| 245 |
1 |
0 |
|a Pravidlá štíhlosti
|b jednoduché a účinné zásady chudnutia : rady, ako sa zbaviť chuti na sladké a presolené jedlá : viac ako 90 receptov na štíhlu líniu
|c Bob Harper a Greg Crister ; [z anglického originálu preložil Róbert Hrebíček]
|
| 260 |
|
|
|a Bratislava
|b Ikar
|c 2014
|
| 300 |
|
|
|a 305 s.
|c 21 cm
|
| 500 |
|
|
|a Biogr. údaje
|
| 504 |
|
|
|a Reg. ; pozn.
|
| 650 |
0 |
7 |
|a zdravá výživa
|2 SNKPH
|9 66259
|
| 650 |
0 |
7 |
|a racionálna výživa
|2 SNKPH
|9 2578
|
| 650 |
0 |
7 |
|a redukcia telesnej hmotnosti
|2 SNKPH
|9 66799
|
| 650 |
0 |
7 |
|a Healthy eating
|2 SNKPHeng
|9 267865
|
| 650 |
0 |
7 |
|a Dietetic food
|2 SNKPHeng
|9 278216
|
| 650 |
0 |
7 |
|a Weight loss
|2 SNKPHeng
|9 311883
|
| 655 |
|
7 |
|a populárno-náučné publikácie
|2 SNKPH
|9 70460
|
| 655 |
|
7 |
|a kuchárske recepty
|2 SNKPH
|9 70493
|
| 655 |
|
7 |
|a Popular works
|2 SNKPHeng
|9 90287
|
| 655 |
|
7 |
|a Cookbooks
|2 SNKPHeng
|9 270340
|
| 700 |
1 |
|
|a Crister, Greg
|4 aut
|9 505603
|
| 700 |
1 |
|
|a Hrebíček, Róbert
|4 trl
|9 68980
|
| 852 |
|
|
|a Štátna vedecká knižnica v Banskej Bystrici
|
| 919 |
|
|
|a 978-80-551-3651-6
|
| 958 |
|
|
|a OP
|
| 968 |
|
|
|b ENG
|
| 999 |
|
|
|c 780700
|d 782630
|
| 952 |
|
|
|a SNK
|b SNK
|y PREZ
|7 0
|p 17A1107423
|o snkSC 159182
|i snk2014/9729
|8 0
|0 0
|1 0
|4 0
|d 2014-04-22
|f 1
|l 0
|r 2025-08-21 00:00:00
|w 2026-02-24
|
| 952 |
|
|
|a SNK
|b SNK
|y VYP
|7 0
|p 17A1107424
|o snkSC 159182 D1
|i snk2014/9730
|8 0
|0 0
|1 0
|4 0
|d 2014-04-22
|l 0
|r 2026-02-24 01:03:33
|w 2026-02-24
|